|
|
|
|
| LEADER |
00943nam a22002532a 4500 |
| 001 |
000087506 |
| 003 |
CZ BrMZK |
| 005 |
20201202084921.0 |
| 007 |
ta |
| 008 |
950101s1975 gw f eng d |
| 040 |
|
|
|a BOA001
|b cze
|e aacr2
|
| 245 |
0 |
0 |
|a Labour law.
|n Vol. 15, Chapter 9,
|p Tort liability for work injury /
|c chief editor Otto Kahn-Freund ; John G. Fleming
|
| 246 |
3 |
0 |
|a Tort liability for work injury
|
| 260 |
|
|
|a Tübingen :
|b J.C.B. Mohr (Paul Siebeck),
|c 1975
|
| 300 |
|
|
|a 59 s. ;
|c 28 cm
|
| 490 |
1 |
|
|a International Encyclopedia of Comparative Law
|
| 500 |
|
|
|a Název z obálky
|
| 504 |
|
|
|a Obsahuje bibliografii a bibliografické odkazy
|
| 700 |
1 |
|
|a Kahn-Freund, Otto
|4 edt
|
| 700 |
1 |
|
|a Fleming, John G.
|4 aut
|
| 830 |
|
0 |
|a International Encyclopedia of Comparative Law
|
| 910 |
|
|
|a BOA001
|b 3-0678.499,15/9
|
| 990 |
|
|
|a BK
|
| 996 |
7 |
|
|b 2619984673
|c 3-0678.499,15/9
|l MZK
|r Sklad / do 1 hodiny
|n 0
|w 000087506
|u 000010
|a 1
|e BOA001
|j MZK50
|s A
|